Dreamweaver MX : The complete reference

Bibliographic Details
Main Author: West, Ray
Other Authors: Muck, Tom
Format: Book
Published: Barkeley : McGraw-Hill , 2002
Subjects:

MARC

LEADER 00000cam a2200000 7i4500
001 0000016025
005 20051022.0
020 |a 0072195142 
040 |a INS 
090 0 0 |a TK5105.8885.D74   |b W478 2002 
100 1 |a West, Ray 
245 1 0 |a Dreamweaver MX :   |b The complete reference   |c Ray West 
260 |a Barkeley :   |b McGraw-Hill ,   |c 2002 
300 |a xxvii :   |b 1041p ;   |c 24cm. 
650 0 0 |a Web site development 
700 0 |a Muck, Tom 
999 |a 0000015926   |b BOOK   |c Open Shelf   |e Default branch